WWE Submissions - Statistics

General Stats
  • This quiz has been taken 239 times
  • The average score is 11 of 14
Answer Stats
Hint Answer % Correct
Walls of Jericho Chris Jericho
97%
Yes! Lock Daniel Bryan
97%
Sharpshooter Bret Hart
92%
Figure 4 Leg Lock Ric Flair
90%
STF John Cena
89%
Figure 8 Charlotte
84%
Black Widow AJ Lee
78%
Kimura Lock Brock Lesnar
78%
Anaconda Vice CM Punk
74%
Accolade Rusev
74%
Cross-Arm Breaker Alberto Del Rio
66%
PTO Paige
59%
Cloverleaf Sheamus
53%
Sleeper Hold Dolph Ziggler
49%
No matching quizzes found
Score Distribution
Percent of People with Each Score
Percentile by Number Answered
Your Score History
You have not taken this quiz